| 000 | 00541nam a22002057a 4500 | ||
|---|---|---|---|
| 003 | OSt | ||
| 005 | 20181008183232.0 | ||
| 008 | 181008b xxu||||| |||| 00| 0 eng d | ||
| 020 | _a8185731209 | ||
| 040 | _cDNLM | ||
| 082 | _aQV744 H56o 2000 | ||
| 100 |
_aSingh; Harkishan; Kapoor, V. K. _912725 |
||
| 245 | _aOrganic Pharmaceutical Chemistry | ||
| 250 | _a5th ed. | ||
| 260 | _aDelhi; Vallabh Prakashan, 2000 | ||
| 300 | _a454p; ill: 22cm | ||
| 504 | _aIndex included | ||
| 650 |
_aPharmaceutical chemistry _9283 |
||
| 942 |
_2z _cSLOAN |
||
| 999 |
_c6166 _d6166 |
||